| 000 -LEADER |
| fixed length control field |
00606nam a22001817a 4500 |
| 008 - FIXED-LENGTH DATA ELEMENTS--GENERAL INFORMATION |
| fixed length control field |
210908b ||||| |||| 00| 0 eng d |
| 020 ## - INTERNATIONAL STANDARD BOOK NUMBER |
| International Standard Book Number |
9789280117295 |
| 082 ## - DEWEY DECIMAL CLASSIFICATION NUMBER |
| Classification number |
623.8930218 |
| Item number |
IMO |
| 100 ## - MAIN ENTRY--PERSONAL NAME |
| Personal name |
International Maritime Organization |
| 245 ## - TITLE STATEMENT |
| Title |
Performance standards for shipborne radiocommunications and navigational equipment |
| 250 ## - EDITION STATEMENT |
| Edition statement |
2020 Ed. |
| 260 ## - PUBLICATION, DISTRIBUTION, ETC. (IMPRINT) |
| Place of publication, distribution, etc |
London |
| Name of publisher, distributor, etc |
International Maritime Organization |
| Date of publication, distribution, etc |
2020 |
| 300 ## - PHYSICAL DESCRIPTION |
| Extent |
v, 834p. |
| 650 ## - SUBJECT ADDED ENTRY--TOPICAL TERM |
| Topical term or geographic name as entry element |
Marine radio stations |
| 650 ## - SUBJECT ADDED ENTRY--TOPICAL TERM |
| Topical term or geographic name as entry element |
Radio--Installation on ships--Standards |
| 650 ## - SUBJECT ADDED ENTRY--TOPICAL TERM |
| Topical term or geographic name as entry element |
Aids to navigation--Safety regulations |
| 942 ## - ADDED ENTRY ELEMENTS (KOHA) |
| Item type |
Books |